Structured Cobol Programming with Cobol 85 (Record no. 156992)

MARC details
000 -LEADER
fixed length control field 00453nam a2200181Ia 4500
008 - FIXED-LENGTH DATA ELEMENTS--GENERAL INFORMATION
fixed length control field 240823s9999||||xx |||||||||||||| ||und||
082 ## - DEWEY DECIMAL CLASSIFICATION NUMBER
-- 005.133 N8
100 ## - MAIN ENTRY--PERSONAL NAME
Personal name Rajasekar E
245 #0 - TITLE STATEMENT
Title Structured Cobol Programming with Cobol 85
250 ## - EDITION STATEMENT
Edition statement 1st
260 ## - PUBLICATION, DISTRIBUTION, ETC. (IMPRINT)
Date of publication, distribution, etc 1998
Name of publisher, distributor, etc "Anuradha,Kumbakonam"
500 ## - GENERAL NOTE
General note YES
650 ## - SUBJECT ADDED ENTRY--TOPICAL TERM
Topical term or geographic name as entry element Programming
700 ## - ADDED ENTRY--PERSONAL NAME
Personal name Selvi S
942 ## - ADDED ENTRY ELEMENTS (KOHA)
Item type Books
Holdings
Withdrawn status Lost status Damaged status Permanent location Current location Date acquired Cost, normal purchase price Full call number Barcode Date last seen Koha item type
      CENTRAL LIBRARY, NOORUL ISLAM CENTRE FOR HIGHER EDUCATION CENTRAL LIBRARY, NOORUL ISLAM CENTRE FOR HIGHER EDUCATION 05/09/2003 125.00 005.133 N8 12559 08/23/2024 Books
Visitors:
Copyright © 2024 Central Library NICHE.  All rights reserved.